Представление документа в формате RUSMARC

ПолеНазваниеЗначение
  Тип записи a
  Библиографический уровень m
001 Контрольный номер 922d8a7952e24ce7bd57f6b457e0dd9d
005 Дата корректировки 20140526192710.6
010 Индекс ISBN __
a ISBN 978-5-370-00358-5
101 Язык документа __
a Язык текста rus
102 Страна публикации __
a Страна публикации RU
200 Заглавие и сведения об ответственности __
a Заглавие Материальная ответственность работника: юридическое оформление и бухгалтерский учет
e Сведения, относящиеся к заглавию проф. рекомендации
f Первые сведения об ответственности А. В. Клокова
210 Выходные данные __
c Издательство Омега-Л
a Место издания М.
d Дата издания 2008
215 Физическое описание __
a Объем 111, [1]
225 Серия __
a Серия Практическая бухгалтерия
610 Ключевые слова __
a Ключевые слова материальная ответственность
610 Ключевые слова __
a Ключевые слова инвентаризация
610 Ключевые слова __
a Ключевые слова возмещение ущерба
610 Ключевые слова __
a Ключевые слова бухгалтерский учет
610 Ключевые слова __
a Ключевые слова трудовое право
686 Индексы других классификаций __
a Классификационный индекс 65.052.9(2)229
2 Код системы rubbk
686 Индексы других классификаций __
a Классификационный индекс 67.627.5
2 Код системы rubbk
700 Автор __
a Фамилия Клокова
b Имя А. В.
g Полное личное имя Анна Валентиновна
801 Источник записи _0
a Страна RU
b Организация РУК
c Дата составления 20071113
g Правила каталогизации PSBO
801 Источник записи _1
a Страна RU
b Организация РУК
c Дата составления 20071113
g Правила каталогизации PSBO
852 Данные о местонахождении __
i Авторский знак К 50
901 Тип документа __
t Тип документа m
938 Служебная информация __
a Название организации Головной вуз
b Имя БД BOOK
c Название АИБС АИБС ИРБИС